00737nam a2200217 i 450000500170000000800410001702000380005804000250009608200150012110000230013624500530015926400580021230000220027033600210029233700250031333800230033865000510036165000350041265000360044765000360048320260416153917.0260416s2025 my gr 000 0 may d a9786299506010cRM25.00qpaperback aPPAKbengcPPAKerda04a355.022231 aSun, Tzu,eauthor.10aSENI DALAM PEPERANGAN /cART OF WAR OLEH SUN TZU 1aBrickfields, Kuala Lumpur :bPrestasi Media,c[2025?] a93 pages ;c21 cm atext2rdacontent aunmediated2rdamedia avolume2rdacarrier10aMilitary art and science vEarly works to 180020aStrategy vEarly works to 180020aManagementvEarly works to 180020aLeadershipvEarly works to 1800